[Mapa Rakúskej monarchie?]

Zobrazenie: Mapa je iba štvrtina z celku, zobrazuje Slovensko, časť Maďarska a Poľska. Použitá je metóda šrafovania

Bibliographic Details
Format: Map
Language:German
PhysicalDescription:1 časť (1 mapa na 1 liste) farebná na liste 25,6 x 31,1 cm, zložená na 25,6 x 16,4 cm
Published: [Rakúsko?] vydavateľ neznámy [medzi 1763 a 1850?]
Subjects:

MARC

LEADER 00000nfm a2200000 4500
001 vtls012238204
003 SK-MaSNL
005 20260301015317.0
007 aj cazza
008 230825q1763 au d a 0 r ger
015 |a SNBC 
034 0 |a a 
040 |a SNK  |b slo  |c SNK  |e rda 
041 0 |a ger 
043 |a e-au---  |a e-hu--- 
044 |a au  |c AT 
072 7 |a 912  |x Mapy. Atlasy  |2 konspekt 
080 |a (436+439)  |2 2011 
080 |a (084.41)  |2 2001 
080 |a 91  |2 2011 
080 |a 711.4  |2 2011 
080 |a 911.375  |2 2011 
080 |a (084.3)  |2 2001 
080 |a 912.43:904  |2 2001 
245 0 0 |a [Mapa Rakúskej monarchie?] 
255 |a Mierka neuvedená 
264 1 |a [Rakúsko?]  |b vydavateľ neznámy  |c [medzi 1763 a 1850?] 
300 |a 1 časť (1 mapa na 1 liste)  |b farebná  |c na liste 25,6 x 31,1 cm, zložená na 25,6 x 16,4 cm 
336 |a kartografický obraz  |b cri  |2 rdacontent 
337 |a nesprostredkovaný  |b n  |2 rdamedia 
338 |a list  |b nb  |2 rdacarrier 
500 |a Názov odvodený z obsahu mapového poľa 
500 |a Dátum vydania odvodený z metódy tvorby reliéfu a údajov v mapovom poli 
500 |a Mierka nie je na štvrtine mapy uvedená 
520 8 |a Zobrazenie: Mapa je iba štvrtina z celku, zobrazuje Slovensko, časť Maďarska a Poľska. Použitá je metóda šrafovania 
650 0 7 |a geografia  |2 SNKPH  |9 823 
650 0 7 |a mestá  |2 SNKPH  |9 2929 
650 0 7 |a Geography  |2 SNKPHeng  |9 265075 
650 0 7 |a Towns  |2 SNKPHeng  |9 270165 
651 7 |a Rakúsko-Uhorsko  |2 SNKPHgeo  |9 36860 
651 7 |a Austro-Hungarian Monarchy  |2 SNKPHeng  |9 283186 
655 7 |a geografické mapy  |2 SNKPH  |9 15153 
655 7 |a Geographic maps  |2 SNKPHeng  |9 298064 
655 7 |a historické mapy  |2 SNKPH  |9 118303 
655 7 |a Historical maps  |2 SNKPHeng  |9 298063 
852 |a Slovenská národná knižnica 
954 |a mapy cudzojazyčné (svetové)  |2 lita 
958 |a ONDV 
958 |a CRG 
958 |a CRBN 
999 |c 560521  |d 562451 
952 |a SNK  |b SNK  |y PREZ  |7 0  |p 17A1285064  |o snkSLCm 158  |i snkK 1771/62  |8 3  |0 0  |1 0  |4 0  |d 2023-08-25  |l 0  |r 2026-02-23 13:40:15  |w 2026-02-23